000 00365nam a2200169Ia 4500
100 _aMajumdar/Ramanuj
250 _a3
942 _cBK
366 _f20
654 _aproduct management
245 _aProduct Management in India
260 _bPrentice -Hall
_aNew Delhi
_c2007
082 _a658.8/MAJ
_bMAJ
300 _a430
546 _aENGLISH
999 _c23011
_d23011